| 000 | 01730nam a2200445Ii 4500 | ||
|---|---|---|---|
| 001 | DIGXIAGT028 | ||
| 003 | NyNyDIG | ||
| 008 | 140901s2011 sp o 000 f spa d | ||
| 006 | m o d | ||
| 007 | cr ||||||||||| | ||
| 020 |
_a9788415863663 _q(eBook) |
||
| 020 |
_z9788481099317 _q(Galaxia Gutenberg) |
||
| 020 |
_z8481099317 _q(Galaxia Gutenberg) |
||
| 020 |
_z9788467243949 _q(Círculo de Lectores) |
||
| 020 |
_z8467243945 _q(Círculo de Lectores) |
||
| 035 | _a(OCoLC)893649410 | ||
| 040 |
_aDGITA _beng _erda _epn _cDGITA |
||
| 043 | _ae-sp--- | ||
| 050 | 1 | 4 | _aPQ6662.O55 eBook |
| 100 | 1 |
_aLongares, Manuel, _d1943-, _eauthor. |
|
| 245 | 1 | 4 |
_aLas cuatro esquinas / _cManuel Longares. |
| 250 | _aPrimera edición. | ||
| 264 | 1 |
_aBarcelona : _bGalaxia Gutenberg : _bCírculo de Lectores, _c2011. |
|
| 300 | _a1 online resource (147 pages). | ||
| 336 |
_atext _btxt _2rdacontent |
||
| 337 |
_acomputer _bc _2rdamedia |
||
| 338 |
_aonline resource _bcr _2rdacarrier |
||
| 490 | 1 |
_aSerie Narrativa ; _v93 |
|
| 588 | 0 | _aOnline resource; title from ePub and PDF title page (Digitalia, viewed August 10, 2014) | |
| 651 | 0 |
_aSpain _y20th century _vFiction. |
|
| 651 | 0 |
_aSpain _y21st century _vFiction. |
|
| 655 | 0 | _aElectronic books. | |
| 791 | 2 |
_aDigitalia (Firm), _edistributor. |
|
| 793 | 0 |
_gDigitalia eBook Collection: _aGalaxia Gutenberg. |
|
| 776 | 0 | 8 |
_iPrint version: _aLongares, Manuel. _tCuatro esquinas. _dBarcelona : Galaxia Gutenberg : Círculo de Lectores, 2011. _z9788481099317 _w(OCoLC)733567903 |
| 830 | 0 |
_aSerie Narrativa (Galaxia Gutenberg (Firm)) ; _v93 |
|
| 856 | 4 | 0 |
_3Digitalia Hispánica _uhttps://www.digitaliapublishing.com/a/28848/ |
| 910 | _aPremium Collection: 2014 | ||
| 942 | _cRAA | ||
| 999 |
_c239399 _d239399 |
||